000 00216 a2200097 4500
001 45202
100 _aBramwell A.R.S
245 _aHelicopter dynamics
260 _aLondon
_bEdward Arnold
_c
090 _c28389
_d28389
942 _aNUST-CAE
_cM
_c20434
999 _c280275
_d280275